000 00706nam a2200193 4500
001 4728
005 20181127174009.0
090 0 0 _aPOL.SCI CAP No.4
245 0 0 _aEvolution of bureaucracy in Bhutan /
_b
_cStudent Work.
_h
260 0 0 _a[Thimphu] :
_b[Royal Thimphu College],
_c2015.
300 _a27 leaves.
_b
_c
_e
500 _aRecommended.
500 _aStudent research project for BA, Political Science(Capstone Project):(2015): DOlma Roder, lecturer.
500 0 0 _aSpiral-bound xerographic copy.
650 _aBureaucracy --Bhutan.
_v
_x
_y
_z
_2
650 _aBureaucracy --Political aspects
_v
_x
_y
_zBhutan.
_2
650 _aBureaucracy --Research
_v
_x
_y
_zBhutan.
_2
650 _aCapstone Project.
_v
_x
_y
_z
_2
999 _c3929
_d3929